000 00484cam a22001932a 4500
001 025053
003 AR-FADEU
008 311216n1972####xxu####################dd
092 _a149.94
_bT193
_eJLS
100 _aTarski, Alfred
245 _aLa concepción semántica de la verdad y los fundamentos de la semántica
260 _aBuenos Aires
260 _bNueva Visión
260 _c1972
300 _a75 p
440 _aFichas
650 _aSEMANTICA/JLS/
942 _cJLS
999 _c30739
_d30739